| 000 | 00660nam a22002057a 4500 | ||
|---|---|---|---|
| 999 |
_c3238 _d3238 |
||
| 003 | AR-CdUCM | ||
| 008 | 190306b ||||| |||| 00| 0 eng d | ||
| 040 |
_aMUNICIPALIDAD PROVINCIAL DEL CUSCO _cBIBLIOTECA MUNICIPAL DEL CUSCO |
||
| 082 |
_a866.66 / _bS29 |
||
| 100 |
_aScorza, Manuel _91669 |
||
| 245 |
_aLos adioses / _cManuel Scorza |
||
| 260 |
_aLima : _bTalleres Aguirre, _c1959. |
||
| 300 |
_a75 páginas : _c15 cm. |
||
| 505 | _aContenido: Poesía viento del olvido -- Rosa única -- El corazón abierto ... | ||
| 650 |
_aPoesías peruanas _91481 |
||
| 650 |
_aSiglo XX _98 |
||
| 650 |
_aLiteratura peruana _9169 |
||
| 942 |
_2ddc _cLIBROS |
||
| 945 | _arah | ||